000 00432 a2200133 4500
003 Nust
005 20170207164336.0
040 _cNust
245 _aFrontiers in Algorithmics(E BOOK)
_bFirst Annual InternationalWorkshop, FAW2007 Lanzhou, China, August 1-3, 2007 Proceedings 13
_cFranco P. Preparata Qizhi Fang (Eds.)
260 _aBerlin
_bSpringer-Verlag
_c2007
300 _a357p
538 _aE Book
650 _aFrontiers in Algorithmics
942 _2ddc
_cBK
999 _c208710
_d208710